Cheetah Quiz - Statistics

General Stats
  • This quiz has been taken 130 times
    107 since last reset
  • The average score is 7 of 8
Answer Stats
Question Answer % Correct
Do cheetahs have spots? Yes
100%
Do cheetahs live in the jungle? No
99%
Will a cheetah climb a tree? No
98%
Does a cheetah run fast? Yes
95%
What is a cheetah's main prey? Gazelle
93%
What three colours is the average cheetah? Yellow
89%
What three colours is the average cheetah? Black
88%
What three colours is the average cheetah? White
84%
No matching quizzes found
Score Distribution
Percent of People with Each Score
Percentile by Number Answered
Your Score History
You have not taken this quiz since the last reset